000 01307nam a22002177a 4500
003 JO-AjAnu
005 20250715104550.0
008 250715b jo ||||| |||| 00| 0 ara d
040 _aJO-AjAnu
_bara
_cJO-AjAnu
_dJO-AjAnu
_erda
041 _aara
_hara
050 _aHD38.7
_b2025
100 1 _aالخصاونة، فاطمة عبد الحميد عقلة
_eمعد
_966590
245 0 _aاثر ذكاء الأعمال على السلامة المهنية للعاملين في مصانع الاسمنت في الأردن = The Impact of Business Intelligence on Occupational Safety for Employees at Cement Factories in Jordan /
_cاعداد فاطمة عبد الحميد عقلة خصاونة ؛ اشراف نضال فواز حسين القضاة، خالد محمد مفلح الذيابات
260 _c2025
300 _a100 ورقة
504 _aرسالة جامعية(رسالة ماجستير)-جامعة عجلون الوطنية(عجلون، الاردن)-كلية الاعمال، قسم ادارة الاعمال، 2025.
650 7 0 _aادارة الاعمال-ذكاء الاعمال
_966591
700 1 _aالقضاة، نضال فواز حسين
_964939
_eمشرف رئيسي
700 1 _aالذيابات، خالد محمد مفلح
_eمشرف مشارك
_966592
942 _2lcc
_cTHS
_n0
999 _c33943
_d33943